000 00273nam a22001217a 4500
008 180911b xxu||||| |||| 00| 0 eng d
041 _aeng
080 _a338
100 _a53
101 _amng
245 _aConversation and Economic Efficiency
_cPage, T
942 _2udc
_cBK
999 _c47678
_d47678